02436nam a22002297a 4500003000400000005001700004008004100021020001800062082004800080100001900128245005800147250001800205260005100223300005900274490002700333520155200360650008401912700001901996942001602015952016002031999001502191OSt20260413083836.0260413b |||||||| |||| 00| 0 spa d a9788449430633 29788449430633a9788449430633b9788449430633 aCarlos Gispert aNuevo Océano UNObDiccionario Enciclopédico Color a1ra edición aBarcelona, EspañabEditorial Océanoc2005  a 1,792 págb Incluye léxicoc15 x 22.5 cm eCD-ROM 3 tapa dura (cartoné) aEl objetivo principal del Nuevo Océano UNO es ofrecer una herramienta de consulta integral que fusiona, en un solo volumen, la precisión de un diccionario de la lengua con la profundidad informativa de una enciclopedia moderna. Su diseño busca resolver dudas lingüísticas inmediatas mientras proporciona un contexto cultural, histórico y científico amplio para el usuario. En su faceta lingüística, el diccionario tiene como meta registrar el léxico actual del español, incluyendo no solo las definiciones normativas, sino también una vasta selección de americanismos, neologismos y tecnicismos. Esto permite que hablantes de diferentes regiones geográficas encuentren un lenguaje común y actualizado, adaptado a las necesidades de la comunicación contemporánea. Como obra enciclopédica, su propósito es sintetizar el conocimiento humano en áreas clave como la geografía, la historia, el arte y las ciencias. Gracias a su abundante material visual a todo color, mapas y tablas cronológicas, el libro busca facilitar el aprendizaje visual y la rápida localización de datos biográficos o eventos históricos de relevancia global. Finalmente, esta edición tiene un enfoque marcadamente pedagógico y familiar, diseñado para ser el primer punto de referencia en el hogar o la escuela. Al estructurar la información de manera clara y atractiva, busca fomentar el hábito de la investigación autónoma y proporcionar una base sólida de cultura general para estudiantes y lectores curiosos. aLéxico y FilologíavCiencias Naturales y ExactasxHumanidades y Geografía aCarlos Gispert 2ddccBKAn0 00102ddc40708F02aISUSbISUScBiblioteca Abiertad2026-04-13eDiccionario f0490i0490l0oLECTURApBIBLIO0490r2026-04-13 08:39:38t1w2026-04-13yBKA c2066d2066